banner-ar

النقطة المتحولة: اربعون عاما فى استكشاف المسرح ( عالم المعرفة154 ) / (Record no. 27043)

MARC details
000 -الفاتح
حقل البيانات ثابتة الطول 00843nam a2200217Ia 4500
008 - عناصر البيانات ثابتة الطول - معلومات عامة
حقل البيانات ثابتة الطول 140319s9999 xx 000 0 ara d
040 ## - مصدر الفهرسة
وكالة الفهرسة الأصلية GCL /
وكالة النسخ GCL
082 04 - رقم تصنيف ديوى العشرى
رقم التصنيف 822
رقم المادة ب ن
100 1# - المدخل الرئيسى - إسم شخصى
الإسم الشخصى فاروق عبد القادر ( دراسة )
245 10 - بيان العنوان
العنوان النقطة المتحولة: اربعون عاما فى استكشاف المسرح ( عالم المعرفة154 ) /
بيان المسئوليه,etc فاروق عبد القادر ( دراسة )
700 1# - المدخل الاضافى - اسم شخصى
الإسم الشخصى بروك، بيتر
260 ## - PUBLICATION, DISTRIBUTION, ETC. (IMPRINT)
تاريخ النشر أو التوزيع 1991
300 ## - الوصف المادى
التعداد 350 ص
490 ## - بيان السلسلة
عنوان السلسلة كتاب المواهب
رقم المجلد/ التعيين التسلسلي 0
650 04 - المدخل الاضافى بالموضوع-مصطلح موضوعى
مصطلح موضوعي الادب الانجليزى
650 04 - المدخل الاضافى بالموضوع-مصطلح موضوعى
مصطلح موضوعي المسرح الانجليزى
650 04 - المدخل الاضافى بالموضوع-مصطلح موضوعى
مصطلح موضوعي المسرحيات الانجليزية
650 04 - المدخل الاضافى بالموضوع-مصطلح موضوعى
مصطلح موضوعي تاريخ ونقد
942 ## - عناصر المدخل الإضافي( كوها)
مصدر التصنيف او مخطط الترفيف Dewey Decimal Classification
Koha [default] item type ملف كمبيوتر
260 ## - PUBLICATION, DISTRIBUTION, ETC. (IMPRINT)
-- [S.N] :
-- المجلس الوطنى للثقافة والفنون والاداب ،
Holdings
حالة التراجع حالة الفقد حالة تلف ليس للاعارة المكان المؤقت الموقع الحالى تاريخ الاكتساب اجمالي اﻻعارات رقم الطلب الباركود تاريخ اخر مشاهدة تاريخ تفعيل السعر نوع وعاء كوها
        مكتبة القاهرة الكبرى مكتبة القاهرة الكبرى 03/26/2014   822\ب ن 59361 03/26/2014 03/26/2014 ملف كمبيوتر
        مكتبة القاهرة الكبرى مكتبة القاهرة الكبرى 03/26/2014   822\ب ن 59362 03/26/2014 03/26/2014 ملف كمبيوتر
        مكتبة القاهرة الكبرى مكتبة القاهرة الكبرى 03/26/2014   822\ب ن 59363 03/26/2014 03/26/2014 ملف كمبيوتر
        مكتبة القاهرة الكبرى مكتبة القاهرة الكبرى 03/26/2014   822\ب ن 59364 03/26/2014 03/26/2014 ملف كمبيوتر
        مكتبة القاهرة الكبرى مكتبة القاهرة الكبرى 03/26/2014   822\ب ن 59365 03/26/2014 03/26/2014 ملف كمبيوتر
        مكتبة القاهرة الكبرى مكتبة القاهرة الكبرى 03/26/2014   822\ب ن 59366 03/26/2014 03/26/2014 ملف كمبيوتر
        مكتبة القاهرة الكبرى مكتبة القاهرة الكبرى 03/26/2014   822\ب ن 59367 03/26/2014 03/26/2014 ملف كمبيوتر
        مكتبة القاهرة الكبرى مكتبة القاهرة الكبرى 03/26/2014   822\ب ن 59368 03/26/2014 03/26/2014 ملف كمبيوتر
        مكتبة القاهرة الكبرى مكتبة القاهرة الكبرى 03/26/2014   822\ب ن 59369 03/26/2014 03/26/2014 ملف كمبيوتر
        مكتبة القاهرة الكبرى مكتبة القاهرة الكبرى 03/26/2014   822\ب ن 59370 03/26/2014 03/26/2014 ملف كمبيوتر
        مكتبة القاهرة الكبرى مكتبة القاهرة الكبرى 03/26/2014   822\ب ن 59371 03/26/2014 03/26/2014 ملف كمبيوتر

Powered By

EGPV